| 000 | 00905nam a22002537a 4500 | ||
|---|---|---|---|
| 999 |
_c64081 _d64081 |
||
| 005 | 20240530110713.0 | ||
| 008 | 180213s2016 ua g 000 | ara d | ||
| 017 |
_a2005/23263 _bمصر. دار الكتب |
||
| 020 | _a9789773221792 | ||
| 040 |
_aEG-CaGPL _cEG-CaGPL |
||
| 082 | 0 | 4 |
_221 _a149.7/ _bأ ع |
| 100 | 0 | _aاميرة حلمى مطر | |
| 245 | 1 | 0 |
_aعن القيم والعقل فى الفلسفة والحضارة / _cاميرة حلمى مطر |
| 250 | _aط. 1 | ||
| 260 |
_aالقاهرة : _bعين للدراسات و البحوث الانسانية و الاجتماعية، _c2016. |
||
| 300 |
_a144 ص. ؛ _c24 سم. |
||
| 650 | 0 | 7 |
_2qrmak _aالقيم ( فلسفة ) |
| 650 | 0 | 7 |
_2qrmak _aالقيم الاخلاقية |
| 650 | 0 | 7 |
_2qrmak _aالعقل |
| 650 | 0 | 7 |
_2qrmak _aالفلسفة |
| 651 | _2qrmak | ||
| 942 |
_2ddc _cBK |
||